MARC

LEADER 00000nam0a2200000 4500
001 283584
005 20231031233424.0
020 |a RU  |b 84-66523 
035 |a (RuTPU)RU\TPU\book\307707 
090 |a 283584 
100 |a 20150209d1984 k y0rusy5003 ca 
101 0 |a rus 
102 |a RU 
105 |a a z 000zy 
200 1 |a Экономичность режимов электрических сетей  |f Ф. Г. Гусейнов, О. С. Мамедяров 
210 |a Москва  |c Энергоатомиздат  |d 1984 
215 |a 119 с.  |c ил. 
225 1 |a Экономия топлива и электроэнергии 
606 1 |a Электрические системы  |2 stltpush  |3 (RuTPU)RU\TPU\subj\27596 
610 1 |a электрические сети 
610 1 |a режим работы 
610 1 |a экономичность 
610 1 |a электрическая энергия 
610 1 |a напряжение 
610 1 |a узлы нагрузки 
610 1 |a питающие сети 
675 |a 621.311.004  |z rus  |v 4 
700 1 |a Гусейнов  |b Ф. Г.  |g Фридун Гамзаевич  |4 070 
701 1 |a Мамедяров  |b О. С.  |g Орхан Самед оглы  |4 070 
801 0 |a RU  |b RuMRKP  |c 19950704  |g psbo 
801 1 |a RU  |b 63413507  |c 20150209 
801 2 |a RU  |b 63413507  |c 20170503  |g RCR 
942 |c BK